Chun qiu Zhan guo si xiang shi hua /
Saved in:
| Main Author: | |
|---|---|
| Format: | Book |
| Language: | Chinese |
| Published: |
Beijing :
Zhongguo qing nian chu ban she,
1958.
|
| Subjects: | |
| Tags: |
Add Tag
No Tags, Be the first to tag this record!
|
| LEADER | 00815cam a2200241 i 4500 | ||
|---|---|---|---|
| 001 | 007725943-2 | ||
| 005 | 20024617112705.0 | ||
| 008 | 980303s1958 cc 000 0 chi c | ||
| 010 | |a c 59005404 | ||
| 035 | 0 | |a ocm38540110 | |
| 040 | |a Chicago Univ. Far-Eastern Library |c *YNH* |d CStRLIN | ||
| 050 | 0 | 0 | |a B126 |b .C4848 |
| 100 | 1 | |6 880-01 |a Ji, Wenfu, |d 1895-1963. | |
| 245 | 1 | 0 | |6 880-02 |a Chun qiu Zhan guo si xiang shi hua / |c Ji Wenfu zhu. |
| 260 | |6 880-03 |a Beijing : |b Zhongguo qing nian chu ban she, |c 1958. | ||
| 300 | |a 98 p. ; |c 18 cm. | ||
| 650 | 0 | |a Philosophy |x History |z China. | |
| 650 | 0 | |a Philosophy, Chinese. | |
| 880 | 1 | |6 100-01 |a 嵇文甫, |d 1895-1963. | |
| 880 | 1 | 0 | |6 245-02 |a 春秋戰國思想史話 / |c 嵇文甫著. |
| 880 | |6 260-03 |a 北京 : |b 中國青年出版社, |c 1958. | ||
| 988 | |a 20021121 | ||
| 906 | |0 OCLC | ||


